000 00532nam a2200181Ia 4500
003 GCL
008 140319s9999 xx 000 0 eng d
040 _aGCL /
_cGCL
082 0 4 _a623.67
_bR C
100 1 _aRAINA, V.K.
245 1 0 _aCONCRETE BRIDGE PRACTICE: CONSTRUCTION MAINTENANCE AND REHABILITATION /
_cRAINA, V.K.
260 _a[S.N] :
_bTATA MCGRAW - HILL PUBLISHING COMPANY LT ،
_c1988
300 _a418 P
650 0 4 _aBRIDGES, CONSTRUCTION
650 0 4 _aBRIDGES, MAINTENANCE
650 0 4 _aBRIDGES
942 _2ddc
_cBK
999 _c12146
_d12146